China's values / (Record no. 608399)
[ view plain ]
| 000 -LEADER | |
|---|---|
| fixed length control field | 00368nam a22001457a 4500 |
| 020 ## - INTERNATIONAL STANDARD BOOK NUMBER | |
| International Standard Book Number | 9787520324694 |
| 040 ## - CATALOGING SOURCE | |
| Transcribing agency | NUST |
| 082 ## - DEWEY DECIMAL CLASSIFICATION NUMBER | |
| Classification number | 320.951 |
| Author Mark | ZHE |
| 100 ## - MAIN ENTRY--PERSONAL NAME | |
| Personal name | Han Zhen and Zhang Weiwen |
| 9 (RLIN) | 86506 |
| 245 ## - TITLE STATEMENT | |
| Title | China's values / |
| Statement of responsibility, etc. | Han Zhen and Zhang Weiwen |
| 260 ## - PUBLICATION, DISTRIBUTION, ETC. | |
| Place of publication, distribution, etc. | China Social Sciences press |
| Name of publisher, distributor, etc. | China |
| Date of publication, distribution, etc. | 2018 |
| 300 ## - PHYSICAL DESCRIPTION | |
| Extent | 378p |
| 942 ## - ADDED ENTRY ELEMENTS (KOHA) | |
| Source of classification or shelving scheme | |
| Koha item type | Book |
| Withdrawn status | Lost status | Source of classification or shelving scheme | Damaged status | Not for loan | Permanent Location | Current Location | Date acquired | Source of acquisition | Total Checkouts | Full call number | Barcode | Date last seen | Price effective from | Koha item type |
|---|---|---|---|---|---|---|---|---|---|---|---|---|---|---|
| School of Art Design and Architecture (SADA) | School of Art Design and Architecture (SADA) | 01/03/2022 | Donation | 320.951 ZHE 2018 | SADAD0000465 | 02/28/2024 | 02/28/2024 | Book |
